<?xml version="1.0" encoding="UTF-8"?>
<record
    xmlns:xsi="http://www.w3.org/2001/XMLSchema-instance"
    xsi:schemaLocation="http://www.loc.gov/MARC21/slim http://www.loc.gov/standards/marcxml/schema/MARC21slim.xsd"
    xmlns="http://www.loc.gov/MARC21/slim">

  <leader>00567 am a2200193 a 4500</leader>
  <controlfield tag="000">BKB                 </controlfield>
  <controlfield tag="001">146843</controlfield>
  <controlfield tag="005">20200902155536.0</controlfield>
  <controlfield tag="008">0622                ###                 </controlfield>
  <datafield tag="020" ind1=" " ind2=" ">
    <subfield code="a">9780821868799</subfield>
  </datafield>
  <datafield tag="082" ind1=" " ind2=" ">
    <subfield code="a">515.7</subfield>
    <subfield code="b">E26F</subfield>
  </datafield>
  <datafield tag="100" ind1="1" ind2=" ">
    <subfield code="a">Eidelman, Yuli...[et.al.]</subfield>
  </datafield>
  <datafield tag="245" ind1="1" ind2=" ">
    <subfield code="a">Functional analysis : an introduction</subfield>
    <subfield code="c">by Yuli Eidelman</subfield>
  </datafield>
  <datafield tag="260" ind1=" " ind2=" ">
    <subfield code="a">Island</subfield>
    <subfield code="b">Americal Mathematical Society</subfield>
    <subfield code="c">2011</subfield>
  </datafield>
  <datafield tag="300" ind1=" " ind2=" ">
    <subfield code="a">322p.</subfield>
  </datafield>
  <datafield tag="690" ind1=" " ind2=" ">
    <subfield code="a">Functional analysis; Mathematics</subfield>
  </datafield>
  <datafield tag="700" ind1=" " ind2=" ">
    <subfield code="a">Milman, Vitali</subfield>
    <subfield code="b"></subfield>
    <subfield code="c"></subfield>
  </datafield>
  <datafield tag="700" ind1=" " ind2=" ">
    <subfield code="a">Tsolomitis, Antonis</subfield>
    <subfield code="b"></subfield>
    <subfield code="c"></subfield>
  </datafield>
  <datafield tag="999" ind1=" " ind2=" ">
    <subfield code="c">13001</subfield>
    <subfield code="d">13001</subfield>
  </datafield>
  <datafield tag="952" ind1=" " ind2=" ">
    <subfield code="0">0</subfield>
    <subfield code="1">0</subfield>
    <subfield code="4">0</subfield>
    <subfield code="7">0</subfield>
    <subfield code="a">CURAJ</subfield>
    <subfield code="b">CURAJ</subfield>
    <subfield code="d">2015-02-26</subfield>
    <subfield code="l">1</subfield>
    <subfield code="o">515.7 E26F</subfield>
    <subfield code="p">10646</subfield>
    <subfield code="r">2025-12-22</subfield>
    <subfield code="s">2025-10-01</subfield>
    <subfield code="w">2020-09-02</subfield>
    <subfield code="y">BK</subfield>
  </datafield>
</record>
